01666nam a22002897i 4500003000900000005001700009007000300026008004100029040003100070041000800101082001300109110007100122245008800193264006500281300005400346336002700400337003500427338002900462700004800491942001400539952015800553952016200711952016200873952016201035952016201197999001701359DO-SdBNP20250310115451.0ta250310b2016 dr ab||| |||| 00| 0 spa d aDO-SdBNPbspacBNPHU erda aspa 4a0bC755g1 aConsejo Nacional de Competitividad.bRepública Dominicana98714610aGuía práctica :bconformación de clústeres /cedición, Diógenes Piña. aSanto Domingo : bConsejo Nacional de Competitividad,c2016. a44 páginas : bilustraciones, mapas ; c21 cm.  atextobtxt2rdacontent asin mediación bn2rdamedia  avolumenbnc2rdacarrier 1 aPiña, Diógenes,eedición 4ed.987147 2ddccLBS1 00102ddc51708PD-FaBNPHUbBNPHUcCTd2024-01-29e Donado por Consejo Nacional de Competitividad l0o0 C755gp2025-1612r2025-03-10w2025-03-10yLBS1 00102ddc51708PD-FaBNPHUbBNPHUcCTd2024-01-29eDonado por Consejo Nacional de Competitividad l0o0 C755gp2025-1613r2025-03-10te.2w2025-03-10yLBS1 00102ddc56708DS-FaBNPHUbBNPHUcCTd2024-01-29eDonado por Consejo Nacional de Competitividad l0o0 C755gp2025-1614r2025-03-10te.3w2025-03-10yLBS1 00102ddc56708DS-FaBNPHUbBNPHUcCTd2024-01-29eDonado por Consejo Nacional de Competitividad l0o0 C755gp2025-1615r2025-03-10te.4w2025-03-10yLBS1 00102ddc56708DS-FaBNPHUbBNPHUcCTd2024-01-29eDonado por Consejo Nacional de Competitividad l0o0 C755gp2025-1616r2025-03-10te.5w2025-03-10yLBS1 c58360d58360